「山」を「やま」と読まない駅 - Statistics

General Stats
  • This quiz has been taken 171 times
  • The average score is 12 of 59
Answer Stats
都道府県 駅名 読み % Correct
東京都 高尾山 たかおさん
60%
山梨県 富士山 ふじさん
59%
東京都 高尾山口 たかおさんぐち
55%
鳥取県 伯耆大山 ほうきだいせん
45%
愛知県 山王 さんのう
38%
福井県 山王 さんのう
38%
和歌山県 高野山 こうやさん
36%
鳥取県 大山口 だいせんぐち
32%
大阪府 信貴山口 しぎさんぐち
31%
滋賀県 比叡山坂本 ひえいざんさかもと
30%
東京都 御嶽山 おんたけさん
27%
兵庫県 山陽姫路 さんようひめじ
27%
山梨県 塩山 えんざん
26%
兵庫県 山陽明石 さんようあかし
26%
兵庫県 山陽網干 さんようあぼし
25%
兵庫県 山陽須磨 さんようすま
25%
兵庫県 山陽垂水 さんようたるみ
25%
東京都 白山 はくさん
25%
新潟県 白山 はくさん
25%
奈良県 信貴山下 しぎさんした
24%
奈良県 生駒山上 いこまさんじょう
23%
滋賀県 坂本比叡山口 さかもとひえいざんぐち
23%
東京都 溜池山王 ためいけさんのう
23%
京都府 八瀬比叡山口 やせひえいざんぐち
21%
兵庫県 山陽魚住 さんよううおずみ
20%
兵庫県 山陽塩屋 さんようしおや
20%
兵庫県 六甲山上 ろっこうさんじょう
20%
兵庫県 山陽曽根 さんようそね
19%
愛知県 大山寺 だいせんじ
19%
福岡県 山上 さんじょう
18%
福島県 会津山村道場 あいづさんそんどうじょう
17%
神奈川県 大雄山 だいゆうざん
16%
兵庫県 山陽天満 さんようてんま
15%
奈良県 二上山 にじょうざん
15%
福岡県 一貴山 いきさん
14%
福岡県 山麓 さんろく
13%
埼玉県 武蔵嵐山 むさしらんざん
13%
宮城県 陸前山王 りくぜんさんのう
13%
広島県 山陽女学園前 さんようじょがくえんまえ
12%
福岡県 天拝山 てんぱいざん
12%
奈良県 宝山寺 ほうざんじ
12%
奈良県 元山上口 もとさんじょうぐち
12%
愛知県 覚王山 かくおうざん
11%
青森県 白神岳登山口 しらかみだけとざんぐち
11%
茨城県 筑波山頂 つくばさんちょう
11%
和歌山県 山東 さんどう
10%
福島県 七ヶ岳登山口 ななつがたけとざんぐち
10%
京都府 山門 さんもん
9%
神奈川県 早雲山 そううんざん
9%
三重県 高田本山 たかだほんざん
9%
千葉県 飯山満 はさま
9%
香川県 仏生山 ぶっしょうざん
9%
京都府 ケーブル八幡宮山上 けーぶるはちまんぐうさんじょう
8%
岐阜県 白山長滝 はくさんながたき
7%
北海道 古山 ふるさん
7%
東京都 御岳山 みたけさん
6%
熊本県 蔚山町 うるさんまち
5%
北海道 銀山 ぎんざん
5%
宮崎県 曽山寺 そさんじ
5%
No matching quizzes found
Score Distribution
Percent of People with Each Score
Percentile by Number Answered
Your Score History
You have not taken this quiz